Leeds United League Players Since 2014 - Statistics

General Stats
  • This quiz has been taken 95 times
  • The average score is 153 of 287
Answer Stats
% Correct
2023/24 (Championship - 3rd) Wales LW 26 Daniel James 40 13
94%
2022/23 (Premier League - 19th) Wales LW 24 Daniel James 4
94%
2021/22 (Premier League - 17th) Wales LW 23 Daniel James 32 4
94%
2023/24 (Championship - 3rd) England ST 30 Patrick Bamford 33 8
91%
2022/23 (Premier League - 19th) England ST 28 Patrick Bamford 28 4
91%
2021/22 (Premier League - 17th) England ST 27 Patrick Bamford 9 2
91%
2020/21 (Premier League - 9th) England ST 26 Patrick Bamford 38 17
91%
2019/20 (Championship - 1st) England ST 25 Patrick Bamford 45 16
91%
2018/19 (Championship - 3rd) England ST 24 Patrick Bamford 22 9
91%
2023/24 (Championship - 3rd) France GK 24 Illan Meslier 43
89%
2022/23 (Premier League - 19th) France GK 22 Illan Meslier 34
89%
2021/22 (Premier League - 17th) France GK 21 Illan Meslier 38
89%
2020/21 (Premier League - 9th) France GK 20 Illan Meslier 35
89%
2019/20 (Championship - 1st) France GK 19 Illan Meslier 10
89%
2022/23 (Premier League - 19th) United States AM 21 Brenden Aaronson 36 1
85%
2023/24 (Championship - 3rd) Wales DM 23 Ethan Ampadu 46
85%
2021/22 (Premier League - 17th) England DM 25 Kalvin Phillips 20
85%
2020/21 (Premier League - 9th) England DM 24 Kalvin Phillips 29 1
85%
2019/20 (Championship - 1st) England DM 23 Kalvin Phillips 37 2
85%
2018/19 (Championship - 3rd) England DM 22 Kalvin Phillips 42 1
85%
2017/18 (Championship - 13th) England DM 21 Kalvin Phillips 41 7
85%
2016/17 (Championship - 7th) England DM 20 Kalvin Phillips 33 1
85%
2015/16 (Championship - 13th) England DM 19 Kalvin Phillips 10
85%
2014/15 (Championship - 15th) England DM 18 Kalvin Phillips 2 1
85%
2023/24 (Championship - 3rd) England RB 32 Luke Ayling 14 1
85%
2022/23 (Premier League - 19th) England RB 30 Luke Ayling 29 2
85%
2021/22 (Premier League - 17th) England RB 29 Luke Ayling 26 2
85%
2020/21 (Premier League - 9th) England RB 28 Luke Ayling 38
85%
2019/20 (Championship - 1st) England RB 27 Luke Ayling 37 4
85%
2018/19 (Championship - 3rd) England RB 26 Luke Ayling 38 2
85%
2017/18 (Championship - 13th) England RB 25 Luke Ayling 27
85%
2016/17 (Championship - 7th) England RB 24 Luke Ayling 42
85%
2022/23 (Premier League - 19th) Poland CM 32 Mateusz Klich 14
83%
2021/22 (Premier League - 17th) Poland CM 31 Mateusz Klich 33 1
83%
2020/21 (Premier League - 9th) Poland CM 30 Mateusz Klich 35 4
83%
2019/20 (Championship - 1st) Poland CM 29 Mateusz Klich 45 6
83%
2018/19 (Championship - 3rd) Poland CM 28 Mateusz Klich 46 10
83%
2017/18 (Championship - 13th) Poland CM 27 Mateusz Klich 5
83%
2021/22 (Premier League - 17th) Brazil RW 24 Raphinha 35 11
83%
2020/21 (Premier League - 9th) Brazil RW 23 Raphinha 30 6
83%
2022/23 (Premier League - 19th) Spain ST 31 Rodrigo Moreno 31 13
83%
2021/22 (Premier League - 17th) Spain ST 30 Rodrigo Moreno 31 6
83%
2020/21 (Premier League - 9th) Spain ST 29 Rodrigo Moreno 26 7
83%
2021/22 (Premier League - 17th) Northern Ireland LM 30 Stuart Dallas 34 1
83%
2020/21 (Premier League - 9th) Northern Ireland LM 29 Stuart Dallas 38 8
83%
2019/20 (Championship - 1st) Northern Ireland LB 28 Stuart Dallas 45 5
83%
2018/19 (Championship - 3rd) Northern Ireland LM 27 Stuart Dallas 27 2
83%
2017/18 (Championship - 13th) Northern Ireland LM 26 Stuart Dallas 29 2
83%
2016/17 (Championship - 7th) Northern Ireland LM 25 Stuart Dallas 31 2
83%
2015/16 (Championship - 13th) Northern Ireland LM 24 Stuart Dallas 45 5
83%
2023/24 (Championship - 3rd) Netherlands LW 22 Crysencio Summerville 43 19
81%
2022/23 (Premier League - 19th) Netherlands LW 20 Crysencio Summerville 28 4
81%
2021/22 (Premier League - 17th) Netherlands LW 19 Crysencio Summerville 6
81%
2020/21 (Premier League - 9th) North Macedonia LB 28 Ezgjan Alioski 36 2
81%
2019/20 (Championship - 1st) North Macedonia LB 27 Ezgjan Alioski 39 5
81%
2018/19 (Championship - 3rd) North Macedonia LB 26 Ezgjan Alioski 44 7
81%
2017/18 (Championship - 13th) North Macedonia LB 25 Ezgjan Alioski 42 7
81%
2023/24 (Championship - 3rd) France ST 22 Georginio Rutter 45 6
81%
2022/23 (Premier League - 19th) France ST 20 Georginio Rutter 11
81%
2023/24 (Championship - 3rd) Wales CB 26 Joe Rodon 43
81%
2023/24 (Championship - 3rd) Scotland CB 32 Liam Cooper 15 1
81%
2022/23 (Premier League - 19th) Scotland CB 30 Liam Cooper 18 1
81%
2021/22 (Premier League - 17th) Scotland CB 29 Liam Cooper 21
81%
2020/21 (Premier League - 9th) Scotland CB 28 Liam Cooper 25 1
81%
2019/20 (Championship - 1st) Scotland CB 27 Liam Cooper 38 2
81%
2018/19 (Championship - 3rd) Scotland CB 26 Liam Cooper 36 3
81%
2017/18 (Championship - 13th) Scotland CB 25 Liam Cooper 30 1
81%
2016/17 (Championship - 7th) Scotland CB 24 Liam Cooper 11
81%
2015/16 (Championship - 13th) Scotland CB 23 Liam Cooper 39 1
81%
2014/15 (Championship - 15th) Scotland CB 22 Liam Cooper 29 1
81%
2022/23 (Premier League - 19th) Germany CB 25 Robin Koch 36
81%
2021/22 (Premier League - 17th) Germany CB 24 Robin Koch 20
81%
2020/21 (Premier League - 9th) Germany CB 23 Robin Koch 17
81%
2022/23 (Premier League - 19th) United States DM 23 Tyler Adams 24
81%
2023/24 (Championship - 3rd) Italy RW 20 Wilfried Gnonto 36 8
81%
2022/23 (Premier League - 19th) Italy RW 18 Wilfried Gnonto 24 2
81%
2023/24 (Championship - 3rd) Dominican Republic LB 27 Junior Firpo 26
79%
2022/23 (Premier League - 19th) Dominican Republic LB 25 Junior Firpo 19 1
79%
2021/22 (Premier League - 17th) Dominican Republic LB 24 Junior Firpo 24
79%
2023/24 (Championship - 3rd) Colombia LW 24 Luis Sinisterra 2 1
79%
2022/23 (Premier League - 19th) Colombia LW 23 Luis Sinisterra 19 5
79%
2020/21 (Premier League - 9th) Spain RW 35 Pablo Hernandez 16
79%
2019/20 (Championship - 1st) Spain RW 34 Pablo Hernandez 36 9
79%
2018/19 (Championship - 3rd) Spain RW 33 Pablo Hernandez 39 12
79%
2017/18 (Championship - 13th) Spain RW 32 Pablo Hernandez 41 7
79%
2016/17 (Championship - 7th) Spain RW 31 Pablo Hernandez 35 6
79%
2023/24 (Championship - 3rd) Netherlands CB 24 Pascal Struijk 23 3
79%
2022/23 (Premier League - 19th) Netherlands CB 22 Pascal Struijk 29 2
79%
2021/22 (Premier League - 17th) Netherlands CB 21 Pascal Struijk 29 1
79%
2020/21 (Premier League - 9th) Netherlands CB 20 Pascal Struijk 27 1
79%
2019/20 (Championship - 1st) Netherlands CB 19 Pascal Struijk 5
79%
2022/23 (Premier League - 19th) England RW 25 Jack Harrison 36 5
77%
2021/22 (Premier League - 17th) England RW 24 Jack Harrison 35 8
77%
2020/21 (Premier League - 9th) England RW 23 Jack Harrison 36 8
77%
2019/20 (Championship - 1st) England RW 22 Jack Harrison 46 6
77%
2018/19 (Championship - 3rd) England RW 21 Jack Harrison 37 4
77%
2023/24 (Championship - 3rd) England CM 18 Archie Gray 44 1
74%
2023/24 (Championship - 3rd) Finland CM 28 Glen Kamara 37
72%
2023/24 (Championship - 3rd) Bulgaria DM 24 Ilia Gruev 29
72%
2023/24 (Championship - 3rd) Netherlands ST 24 Joel Piroe 42 13
72%
2022/23 (Premier League - 19th) United States CM 23 Weston McKennie 19
72%
2023/24 (Championship - 3rd) Wales RB 28 Connor Roberts 12 1
70%
2022/23 (Premier League - 19th) Spain CB 28 Diego Llorente 8
70%
2021/22 (Premier League - 17th) Spain CB 27 Diego Llorente 28 3
70%
2020/21 (Premier League - 9th) Spain CB 26 Diego Llorente 15 1
70%
2022/23 (Premier League - 19th) Austria CB 24 Maximilian Wober 16
70%
2021/22 (Premier League - 17th) Wales ST 22 Tyler Roberts 23 1
70%
2020/21 (Premier League - 9th) Wales ST 21 Tyler Roberts 27 1
70%
2019/20 (Championship - 1st) Wales ST 20 Tyler Roberts 23 4
70%
2018/19 (Championship - 3rd) Wales ST 19 Tyler Roberts 28 3
70%
2017/18 (Championship - 13th) New Zealand ST 25 Chris Wood 3 1
68%
2016/17 (Championship - 7th) New Zealand ST 24 Chris Wood 44 27
68%
2015/16 (Championship - 13th) New Zealand ST 23 Chris Wood 36 13
68%
2023/24 (Championship - 3rd) England LB 30 Sam Byram 33 2
68%
2015/16 (Championship - 13th) England LB 21 Sam Byram 22 3
68%
2014/15 (Championship - 15th) England LB 20 Sam Byram 39 3
68%
2022/23 (Premier League - 19th) Denmark RB 24 Rasmus Kristensen 26 3
66%
2020/21 (Premier League - 9th) Spain GK 33 Kiko Casilla 3
64%
2019/20 (Championship - 1st) Spain GK 32 Kiko Casilla 36
64%
2018/19 (Championship - 3rd) Spain GK 31 Kiko Casilla 17
64%
2022/23 (Premier League - 19th) Spain DM 25 Marc Roca 32 1
64%
2023/24 (Championship - 3rd) England ST 22 Joe Gelhardt 10
62%
2022/23 (Premier League - 19th) England ST 20 Joe Gelhardt 15
62%
2021/22 (Premier League - 17th) England ST 19 Joe Gelhardt 20 2
62%
2018/19 (Championship - 3rd) Sweden CB 27 Pontus Jansson 39 3
62%
2017/18 (Championship - 13th) Sweden CB 26 Pontus Jansson 42 3
62%
2016/17 (Championship - 7th) Sweden CB 25 Pontus Jansson 34 3
62%
2023/24 (Championship - 3rd) England CB 21 Charlie Cresswell 5
60%
2021/22 (Premier League - 17th) England CB 18 Charlie Cresswell 5
60%
2020/21 (Premier League - 9th) Switzerland RB 31 Gaetano Berardi 2
60%
2019/20 (Championship - 1st) Switzerland RB 30 Gaetano Berardi 22
60%
2018/19 (Championship - 3rd) Switzerland RB 29 Gaetano Berardi 13
60%
2017/18 (Championship - 13th) Switzerland RB 28 Gaetano Berardi 31
60%
2016/17 (Championship - 7th) Switzerland RB 27 Gaetano Berardi 26
60%
2015/16 (Championship - 13th) Switzerland RB 26 Gaetano Berardi 28
60%
2014/15 (Championship - 15th) Switzerland RB 25 Gaetano Berardi 22
60%
2018/19 (Championship - 3rd) Jamaica ST 25 Kemar Roofe 32 14
60%
2017/18 (Championship - 13th) Jamaica ST 24 Kemar Roofe 36 11
60%
2016/17 (Championship - 7th) Jamaica ST 23 Kemar Roofe 42 4
60%
2023/24 (Championship - 3rd) Spain ST 20 Mateo Joseph 20 1
60%
2022/23 (Premier League - 19th) Spain ST 18 Mateo Joseph 3
60%
2023/24 (Championship - 3rd) England RB 24 Jamie Shackleton 11
57%
2021/22 (Premier League - 17th) England RB 21 Jamie Shackleton 14
57%
2020/21 (Premier League - 9th) England RB 20 Jamie Shackleton 13
57%
2019/20 (Championship - 1st) England RB 19 Jamie Shackleton 22 2
57%
2018/19 (Championship - 3rd) England RB 18 Jamie Shackleton 19
57%
2016/17 (Championship - 7th) England GK 36 Rob Green 46
57%
2018/19 (Championship - 3rd) Northern Ireland GK 21 Bailey Peacock-Farrell 28
55%
2017/18 (Championship - 13th) Northern Ireland GK 20 Bailey Peacock-Farrell 11
55%
2015/16 (Championship - 13th) Northern Ireland GK 18 Bailey Peacock-Farrell 1
55%
2019/20 (Championship - 1st) Scotland LB 29 Barry Douglas 15
55%
2018/19 (Championship - 3rd) Scotland LB 28 Barry Douglas 26
55%
2023/24 (Championship - 3rd) Colombia RW 24 Ian Poveda 7
55%
2020/21 (Premier League - 9th) Colombia RW 20 Ian Poveda 14
55%
2019/20 (Championship - 1st) Colombia RW 19 Ian Poveda 4
55%
2014/15 (Championship - 15th) Ireland LB 22 Aidy White 1
53%
2019/20 (Championship - 1st) England RB 21 Ben White 46 1
53%
2021/22 (Premier League - 17th) Angola RW 27 Helder Costa 1
53%
2020/21 (Premier League - 9th) Angola RW 26 Helder Costa 22 3
53%
2019/20 (Championship - 1st) Angola RW 25 Helder Costa 43 4
53%
2023/24 (Championship - 3rd) England LW 24 Jaidon Anthony 31 1
53%
2023/24 (Championship - 3rd) Norway LB 20 Leo Hjelde 1
53%
2021/22 (Premier League - 17th) Norway LB 17 Leo Hjelde 2
53%
2018/19 (Championship - 3rd) Spain AM 27 Samuel Saiz 19
53%
2017/18 (Championship - 13th) Spain AM 26 Samuel Saiz 34 5
53%
2019/20 (Championship - 1st) France ST 22 Jean-Kevin Augustin 3
47%
2023/24 (Championship - 3rd) England GK 33 Karl Darlow 2
47%
2017/18 (Championship - 13th) Germany ST 25 Pierre-Michel Lasogga 31 10
47%
2023/24 (Championship - 3rd) England AM 22 Sam Greenwood 1
47%
2022/23 (Premier League - 19th) England AM 20 Sam Greenwood 18 1
47%
2021/22 (Premier League - 17th) England AM 19 Sam Greenwood 7
47%
2022/23 (Premier League - 19th) Spain GK 32 Joel Robles 4
45%
2023/24 (Championship - 3rd) Norway GK 23 Kristoffer Klaesson 2
45%
2021/22 (Premier League - 17th) Norway GK 20 Kristoffer Klaesson 1
45%
2023/24 (Championship - 3rd) England RB 22 Cody Drameh 1
43%
2022/23 (Premier League - 19th) England RB 20 Cody Drameh 1
43%
2021/22 (Premier League - 17th) England RB 19 Cody Drameh 3
43%
2015/16 (Championship - 13th) Italy GK 24 Marco Silvestri 45
43%
2014/15 (Championship - 15th) Italy GK 23 Marco Silvestri 43
43%
2022/23 (Premier League - 19th) England CM 30 Adam Forshaw 12
40%
2021/22 (Premier League - 17th) England CM 29 Adam Forshaw 22
40%
2019/20 (Championship - 1st) England CM 27 Adam Forshaw 7
40%
2018/19 (Championship - 3rd) England CM 26 Adam Forshaw 30
40%
2017/18 (Championship - 13th) England CM 25 Adam Forshaw 12
40%
2017/18 (Championship - 13th) Mali RW 23 Hadi Sacko 14
40%
2016/17 (Championship - 7th) Mali RW 22 Hadi Sacko 38 2
40%
2019/20 (Championship - 1st) England LW 18 Jack Clarke 1
40%
2018/19 (Championship - 3rd) England LW 17 Jack Clarke 22 2
40%
2020/21 (Premier League - 9th) England LB 20 Leif Davis 2
38%
2019/20 (Championship - 1st) England LB 19 Leif Davis 3
38%
2018/19 (Championship - 3rd) England LB 18 Leif Davis 4
38%
2021/22 (Premier League - 17th) England CM 18 Lewis Bate 3
38%
2016/17 (Championship - 7th) England CM 21 Alex Mowatt 15
36%
2015/16 (Championship - 13th) England CM 20 Alex Mowatt 34 2
36%
2014/15 (Championship - 15th) England CM 19 Alex Mowatt 38 9
36%
2016/17 (Championship - 7th) England LB 22 Charlie Taylor 29
36%
2015/16 (Championship - 13th) England LB 21 Charlie Taylor 39 1
36%
2014/15 (Championship - 15th) England LB 20 Charlie Taylor 23 2
36%
2016/17 (Championship - 7th) Ivory Coast CB 31 Sol Bamba 2
36%
2015/16 (Championship - 13th) Ivory Coast CB 30 Sol Bamba 30 4
36%
2014/15 (Championship - 15th) Ivory Coast CB 29 Sol Bamba 19 1
36%
2016/17 (Championship - 7th) Mauritania ST 24 Souleymane Doukara 34 6
36%
2015/16 (Championship - 13th) Mauritania ST 23 Souleymane Doukara 23 3
36%
2014/15 (Championship - 15th) Mauritania ST 22 Souleymane Doukara 25 5
36%
2023/24 (Championship - 3rd) England RB 23 Djed Spence 7
34%
2015/16 (Championship - 13th) Italy CB 25 Giuseppe Bellusci 27
34%
2014/15 (Championship - 15th) Italy CB 24 Giuseppe Bellusci 30 2
34%
2015/16 (Championship - 13th) England CM 18 Lewis Cook 43 1
34%
2014/15 (Championship - 15th) England CM 17 Lewis Cook 37
34%
2019/20 (Championship - 1st) Poland AM 17 Mateusz Bogusz 1
34%
2014/15 (Championship - 15th) Jamaica CB 29 Rodolph Austin 30 3
34%
2017/18 (Championship - 13th) Ireland CM 26 Eunan O'Kane 32
32%
2016/17 (Championship - 7th) Ireland CM 25 Eunan O'Kane 24
32%
2016/17 (Championship - 7th) England CB 25 Kyle Bartley 45 6
32%
2015/16 (Championship - 13th) Italy ST 30 Mirco Antenucci 39 9
32%
2014/15 (Championship - 15th) Italy ST 29 Mirco Antenucci 36 10
32%
2014/15 (Championship - 15th) England GK 33 Stuart Taylor 3
32%
2017/18 (Championship - 13th) Netherlands ST 19 Jay-Roy Grot 19 1
30%
2014/15 (Championship - 15th) England ST 25 Matt Smith 3
30%
2017/18 (Championship - 13th) Germany GK 27 Felix Wiedwald 28
28%
2017/18 (Championship - 13th) Sweden LW 23 Pawel Cibicki 7
28%
2023/24 (Championship - 3rd) England ST 20 Sonny Perkins 1
28%
2021/22 (Premier League - 17th) Scotland LM 18 Stuart McKinstry 1
28%
2017/18 (Championship - 13th) Ghana ST 23 Caleb Ekuban 20 1
26%
2017/18 (Championship - 13th) Ireland CB 21 Conor Shaughnessy 9
26%
2023/24 (Championship - 3rd) England CM 20 Darko Gyabi 1
26%
2022/23 (Premier League - 19th) England CM 18 Darko Gyabi 1
26%
2019/20 (Championship - 1st) England ST 20 Eddie Nketiah 17 3
26%
2018/19 (Championship - 3rd) England LW 21 Izzy Brown 1
26%
2017/18 (Championship - 13th) Belgium LB 24 Laurens De Bock 7
26%
2017/18 (Championship - 13th) England CM 18 Ronaldo Vieira 28
26%
2016/17 (Championship - 7th) England CM 17 Ronaldo Vieira 34 1
26%
2015/16 (Championship - 13th) England CM 16 Ronaldo Vieira 1
26%
2014/15 (Championship - 15th) Brazil AM 19 Adryan 12
23%
2016/17 (Championship - 7th) Scotland DM 27 Liam Bridcutt 25
23%
2015/16 (Championship - 13th) Scotland DM 26 Liam Bridcutt 24
23%
2017/18 (Championship - 13th) Curacao DM 28 Vurnon Anita 18
23%
2015/16 (Championship - 13th) England CM 25 Luke Murphy 36 1
21%
2014/15 (Championship - 15th) England CM 24 Luke Murphy 30 3
21%
2016/17 (Championship - 7th) Sweden ST 25 Marcus Antonsson 16 1
21%
2016/17 (Championship - 7th) Gambia LW 23 Modou Barrow 5
21%
2020/21 (Premier League - 9th) Wales LB 19 Niall Huggins 1
21%
2018/19 (Championship - 3rd) England CM 23 Lewis Baker 11
19%
2018/19 (Championship - 3rd) Finland CB 20 Aapo Halme 4
17%
2021/22 (Premier League - 17th) Scotland LB 20 Liam McCarron 1
17%
2018/19 (Championship - 3rd) England ST 17 Ryan Edmondson 1
17%
2017/18 (Championship - 13th) England ST 16 Ryan Edmondson 1
17%
2016/17 (Championship - 7th) Spain LB 20 Alfonso Pedraza 14 1
15%
2017/18 (Championship - 13th) England GK 33 Andy Lonergan 7
15%
2014/15 (Championship - 15th) Paraguay ST 21 Brian Montenegro 5
15%
2014/15 (Championship - 15th) Denmark CM 22 Casper Sloth 13
15%
2019/20 (Championship - 1st) England CB 18 Oliver Casey 1
15%
2014/15 (Championship - 15th) England CB 26 Jason Pearce 21
13%
2019/20 (Championship - 1st) England CM 19 Robbie Gotts 1
13%
2014/15 (Championship - 15th) Italy CM 25 Tommaso Bianchi 24
13%
2018/19 (Championship - 3rd) England LB 20 Tom Pearce 2
13%
2017/18 (Championship - 13th) England LB 19 Tom Pearce 5 1
13%
2016/17 (Championship - 7th) France DM 29 Toumani Diagouraga 1
13%
2015/16 (Championship - 13th) France DM 28 Toumani Diagouraga 17 2
13%
2014/15 (Championship - 15th) Albania ST 24 Edgar Cani 4
11%
2019/20 (Championship - 1st) England AM 19 Jordan Stevens 4
11%
2018/19 (Championship - 3rd) England AM 18 Jordan Stevens 1
11%
2014/15 (Championship - 15th) England CM 31 Michael Tonge 10
11%
2014/15 (Championship - 15th) England LB 32 Stephen Warnock 21 1
11%
2014/15 (Championship - 15th) Wales ST 30 Steve Morison 26 2
11%
2015/16 (Championship - 13th) England CM 23 Tom Adeyemi 23 2
11%
2018/19 (Championship - 3rd) England GK 19 Will Huffer 1
11%
2014/15 (Championship - 15th) England ST 28 Billy Sharp 33 5
9%
2017/18 (Championship - 13th) England LB 20 Cameron Borthwick-Jackson 1
9%
2014/15 (Championship - 15th) St. Lucia ST 20 Dominic Poleon 4
9%
2015/16 (Championship - 13th) Gambia LW 26 Mustapha Carayol 12 1
9%
2015/16 (Championship - 13th) England CB 23 Scott Wootton 23
9%
2014/15 (Championship - 15th) England CB 22 Scott Wootton 23
9%
2015/16 (Championship - 13th) DR Congo RW 22 Jordan Botaka 13
6%
2015/16 (Championship - 13th) Scotland ST 21 Lee Erwin 11
6%
2016/17 (Championship - 7th) England DM 20 Matt Grimes 7
6%
2017/18 (Championship - 13th) England CB 22 Matthew Pennington 24
6%
2014/15 (Championship - 15th) England ST 22 Nicky Ajose 3
6%
2014/15 (Championship - 15th) Ireland ST 31 Noel Hunt 1
6%
2017/18 (Championship - 13th) Ireland CB 19 Paudie O'Connor 4
6%
2014/15 (Championship - 15th) DR Congo DM 26 Granddi N'Goyi 1
4%
2017/18 (Championship - 13th) Spain CM 20 Hugo Diaz 1
4%
2016/17 (Championship - 7th) England RB 20 Lewie Coyle 4
4%
2015/16 (Championship - 13th) England RB 19 Lewie Coyle 11
4%
2015/16 (Championship - 13th) England RW 25 Will Buckley 4
4%
2014/15 (Championship - 15th) Slovenia DM 18 Zan Benedicic 1
4%
2014/15 (Championship - 15th) Wales CM 19 Chris Dawson 3
2%
No matching quizzes found
Score Distribution
Percent of People with Each Score
Percentile by Number Answered
Your Score History
You have not taken this quiz